| 000 | 00484nam a2200157Ia 4500 | ||
|---|---|---|---|
| 001 | 34928 | ||
| 003 | Ost | ||
| 005 | 20260507160526.0 | ||
| 008 | 251113s9999||||xx |||||||||||||| ||eng|| | ||
| 040 | _cnitttr | ||
| 041 | _aeng | ||
| 082 |
_aTS160 _bF5513 2010eb |
||
| 100 | _aFinkenzeller, Klaus. | ||
| 245 | 0 |
_aRFID Handbook : _b Fundamentals and Applications in Contactless Smart Cards, Radio Frequency Identification and Near-Field Communication / _cFinkenzeller, Klaus. |
|
| 942 | _cBK | ||
| 999 |
_c32961 _d32961 |
||